00445nam a2200157Ia 4500008004100000040001900041041001200060082002500072100002000097245004300117260004100160300002500201440003300226650000900259850001900268131103s9999 xx 000 0 und d aLoreto College aEnglish aREF1/BOWbLCBED/5829 aBowood, Richard 4aThe story of the ShipscRichard Bowood aLoughboroughbWills & Hepworthc1961 a51 p.b ill.c 18cm. aA ladybird achievements book aREF1 aLCBED/REF1/BOW